Ο "άλλος" στον ελληνικό μυθιστορηματικό λόγο : μια διαπολιτισμική προσέγγιση : διπλωματική εργασία [μεταπτυχιακή εργασία]

Αποθηκεύτηκε σε:
Λεπτομέρειες βιβλιογραφικής εγγραφής
Κύριος συγγραφέας: Ιωαννίδη, Γεωργία
Συγγραφή απο Οργανισμό/Αρχή: Πανεπιστήμιο Αιγαίου Σχολή Ανθρωπιστικών Επιστημών Τμήμα Επιστημών της Προσχολικής Αγωγής και του Εκπαιδευτικού Σχεδιασμού Μεταπτυχιακό Πρόγραμμα Σπουδών Παιδικό Βιβλίο και Παιδαγωγικό Υλικό
Άλλοι συγγραφείς: Θεοδωροπούλου, Έλενα Κ. (Εισηγητής διατριβής)
Μορφή: Thesis Βιβλίο
Γλώσσα:Greek
Δημοσίευση: 2014
Θέματα:
Διαθέσιμο Online:http://hdl.handle.net/11610/13685
Ετικέτες: Προσθήκη ετικέτας
Δεν υπάρχουν, Καταχωρήστε ετικέτα πρώτοι!

MARC

LEADER 00000cam a2200000 i 4500
001 1/63797
008 150116s2014 gre d
035 |l 10120476 
040 |a GR-MY-UA  |b gre  |e aacr 
041 0 |a gre 
082 0 |a 889.3  |2 (22) 
100 1 |a Ιωαννίδη, Γεωργία. 
245 1 2 |a Ο "άλλος" στον ελληνικό μυθιστορηματικό λόγο :  |b μια διαπολιτισμική προσέγγιση : διπλωματική εργασία [μεταπτυχιακή εργασία] /  |c Ιωαννίδη Γεωργία ; επιβλέπουσα: Θεοδωροπούλου Έλενα 
260 |c 2014 
300 |a 107 σ.;  |c 30 εκ. 
500 |a Μέλη εξεταστικής επιτροπής: Αναγνωστοπούλου Διαμάντη, Γκασούκα Μαρία 
502 |a Διατριβή (μεταπτυχιακή) – Πανεπιστήμιο Αιγαίου, Ρόδος, 2014. 
504 |a Βιβλιογραφία: σ. 104-107 
650 0 0 |a Literature, Modern  |x History and criticism. 
650 0 0 |a Bilingualism. 
650 0 0 |a Fiction  |x Social aspects. 
650 0 0 |a Fiction  |y 20th century  |x History and criticm. 
650 0 0 |a Dissertations, Academic  |z Greece. 
700 1 |a Θεοδωροπούλου, Έλενα Κ.  |4 ths 
710 1 |a Πανεπιστήμιο Αιγαίου   |b Σχολή Ανθρωπιστικών Επιστημών   |b Τμήμα Επιστημών της Προσχολικής Αγωγής και του Εκπαιδευτικού Σχεδιασμού   |b Μεταπτυχιακό Πρόγραμμα Σπουδών Παιδικό Βιβλίο και Παιδαγωγικό Υλικό. 
852 |a INST  |b RHODES  |c DIATR  |e 20150116  |h 889.3 ΙΩΑ  |p 005400037452  |q 005400037452  |t MTXE  |y 23 
852 |a INST  |b RHODES  |c DIATR  |e 20150116  |h 889.3 ΙΩΑ  |p 005400037453  |q 005400037453  |t MTXE  |y 23 
856 |u http://hdl.handle.net/11610/13685 
901 |a BIBL4-2015-1 
909 |a Ρ  |b 183770 
909 |a Ρ  |b 183771 
924 |a ΙΩΑΝΝΙΔΗ  |b ΓΕΩΡΓΙΑ  |y ΡΟΔΟΣ  |z 2014-11 
970 |z 2015/01/16